01062nam a2200253 a 450000100060000000300080000600500170001400800410003102000150007203500190008703500210010604000340012704100080016108200280016924501220019726000270031930000340034650001890038050400640056965000320063365000410066565000300070671000720073637280BD-RjUL20211209052608.014 s1993 enkab b f001 0 eng d a0117017248 a(BD-RjUL)37383 a(OCoLC)28112023  aUkcUkdIUdDLCdBD-RjULbeng aeng00a338.10941220bAGR 199300aAgriculture, fisheries and forestry /c[researched and written by Reference Services, Central Office of Information]. aLondon :bHMSO,c1993. a73 p. :bill., maps ;c21 cm. a"This publication is an expanded version, including much historical material, of the chapter on Agriculture, Fisheries and Forestry in Britain 1993: An official handbook."--T.p. verso. aIncludes bibliographical references (p. [63]-68) and index. 0aAgriculturezGreat Britain. 0aForests and forestryzGreat Britain. 0aFisherieszGreat Britain.1 aGreat Britain.bCentral Office of Information.bReference Services.